Steve Carell Movies Quiz Stats

 Plays Quiz Updated Oct 2, 2018

Score 0/34 Timer 04:00
4 Plays Today
Year Movie % Correct
2007Evan Almighty
87.9%
2003Bruce Almighty
82.3%
2004Anchorman
82.2%
2013Despicable Me 2
78.8%
2017Despicable Me 3
78%
2008Get Smart
77.9%
2005The 40-Year-Old Virgin
77.8%
2013Anchorman 2: The Legend Continues
75.1%
2015Minions
72.5%
2007Dan in Real Life
51.6%
2018Vice
43.4%
2014Foxcatcher
41.5%
2006Little Miss Sunshine
39.8%
2010Despicable Me
34.3%
2015The Big Short
33.4%
2017Battle of the Sexes
28.8%
2018Welcome to Marwen
24.6%
Year Movie % Correct
2010Date Night
24.4%
2018Beautiful Boy
22.2%
2006Over the Hedge
21.5%
2013The Way Way Back
18.8%
2012Seeking a Friend for the End of the World
17.8%
2010Dinner for Schmucks
16.9%
2013The Incredible Burt Wonderstone
16.2%
2008Horton Hears a Who!
15.9%
2011Crazy, Stupid, Love.
13.7%
2005Bewitched
13.5%
2012Hope Springs
12.2%
2016Café Society
10.3%
2017Last Flag Flying
10.1%
2015Freeheld
8.8%
2014Alexander and the Terrible, Horrible, No Good, Very Bad Day
8.6%
2004Sleepover
8%
2005Melinda and Melinda
4.6%

You're not logged in!

Compare scores with friends on all Sporcle quizzes.
OR
Log In

Sporcle TV

Today on Sporcle TV


Watch our educational content, quiz creation guides, and fun videos on Sporcle TV.

Show Comments

Extras

Top Quizzes Today


Score Distribution

Your Account Isn't Verified!

In order to create a playlist on Sporcle, you need to verify the email address you used during registration. Go to your Sporcle Settings to finish the process.

Report this User

Report this user for behavior that violates our Community Guidelines.

Details: